Statistics for All 1M+ Cities by Letter - G

Click here to take the quiz!

General Stats

  • This quiz has been taken 269 times
  • The average score is 9 of 17

Answer Stats

Country (State)Population (Millions)City Name% Correct
Guatemala3.15Guatemala City
100%
China (Guangdong)45.6Guangzhou
98%
Mexico5.3Guadalajara
97%
United Kingdom1.66Glasgow
94%
Palestine1.9Gaza
89%
Ecuador3.125Guayaquil
82%
USA (North Carolina)1.11Greensboro
65%
Turkey1.66Gaziantep
49%
Malaysia2.075George Town
49%
Brazil2.375Goiania
46%
China (Guizhou)3.2Guiyang
37%
South Korea1.6Gwangju
33%
Pakistan2.675Gujranwala
30%
China (Guangxi)1.5Guilin
22%
India (Assam)1.12Guwahati
18%
India (Madhya Pradesh)1.37Gwalior
18%
China (Jiangxi)1.44Ganzhou
14%

Score Distribution

Percentile by Number Answered

Percent of People with Each Score

Your Score History

You have not taken this quiz